| 000 | 00748nam a2200265Ia 4500 | ||
|---|---|---|---|
| 008 | 180523s9999 xx 000 0 und d | ||
| 020 | _a971-08-1161-4 | ||
| 050 | _aMAIN HF 5726 | ||
| 050 | _b.J36 1970 c.2 | ||
| 100 | _aJanis, Harold J. | ||
| 245 | 0 | _aBusiness writing / | |
| 245 | 0 | _cHarold J. Janis, Edward J. Kilduff, Howard R. Dressner. | |
| 260 | _aMandaluyong: | ||
| 260 | _bNational Book Store, | ||
| 260 | _c1970 | ||
| 300 | _a330 pages : | ||
| 300 | _billustrations ; | ||
| 300 | _c21 cm. | ||
| 440 | _aBarnes & Nobles College Outline Series. | ||
| 500 | _aIncludes index. | ||
| 650 | _aBusiness communication. | ||
| 650 | _aCommercial correspondence. | ||
| 650 | _xBusiness writing. | ||
| 650 | _xBusiness writing. | ||
| 999 |
_c357239 _d357239 |
||